Career and vocational assessment information for program planning and counseling for students with disabilities (Record no. 63690)

MARC details
000 -CABECERA
campo de control de longitud fija 00716nam a2200241 a 4500
005 - FECHA Y HORA DE LA ÚLTIMA TRANSACCIÓN
campo de control 20210219152917.0
008 - ELEMENTOS DE LONGITUD FIJA--INFORMACIÓN GENERAL
campo de control de longitud fija 991125n 000 0 eng u
035 ## - NÚMERO DE CONTROL DEL SISTEMA
Número de control de sistema UPN01000066844
100 ## - ASIENTO PRINCIPAL--NOMBRE PERSONAL
Nombre de persona Omizo, Sharon A.
222 ## - TÍTULO CLAVE
Título clave SCHOOL COUNSELOR
245 ## - MENCIÓN DE TÍTULO
Título Career and vocational assessment information for program planning and counseling for students with disabilities
300 ## - DESCRIPCIÓN FÍSICA
Extensión 32-39
362 ## - FECHAS DE PUBLICACIÓN Y/O DESIGNACIÓN SECUENCIAL
Fecha de publicación y/o designación secuencial 1992 40, No. 1
505 ## - NOTA DE CONTENIDO CON FORMATO PREESTABLECIDO
Nota de contenido con formato Marzo 1993
653 0# - TERMINO DE INDIZACION - NO CONTROLADO
Término no controlado ASESORIA
653 0# - TERMINO DE INDIZACION - NO CONTROLADO
Término no controlado CARACTERISTICAS DEL ESTUDIANTE
653 0# - TERMINO DE INDIZACION - NO CONTROLADO
Término no controlado DEFICIENCIAS ESCOLARES
653 0# - TERMINO DE INDIZACION - NO CONTROLADO
Término no controlado EXPLORACION PROFESIONAL
653 0# - TERMINO DE INDIZACION - NO CONTROLADO
Término no controlado VOCATIONAL INTERESTS
700 ## - ASIENTO SECUNDARIO--NOMBRE DE PERSONAL
Nombre de persona Omizo, Michael M.
904 ## - ELEMENTOS DE DATOS D LOCAL, LDD (RLIN)
a AC
b 004655
905 ## - TIPO DE MATERIAL
Tipo de material Articulo

No items available.